00511cam a22001097a 4500008003800000082001600038245013200054260006900186500004100255650003500296700007000331180718b-- xxu||||| |||| 00| 0 eng d aL906x5442 E aEpitome of CAG's reports on the Government of Maharashtracby Office of the Principal Accountant General (Audit)-I, Maharashtra aMumbaibOffice of the Principal Accountant General (Audit)-Ic-- aLibrary has 2001/02, 2003/04-2005/06 aAuditing - India - Maharashtra aMaharashtra. Office of the Principal Accountant General (Audit)-I